000 00940nam a2200265 a 4500
001 000017043
003 DO-SdBNP
005 20220307131056.0
007 ta
008 100316s1980 dr ac r 000 0 spa d
040 _aDO-SdBNP
_bspa
_cBNPHU
049 _aBNPD
082 4 _a614
_bF249p
_222
100 1 _aFassler, Clara
_937607
245 1 0 _aPlanificación-salud y desarrollo /
_cClara Fasseler, presentación Dagoberto Tejeda Ortíz.
260 _aSanto Domingo :
_bSecretaría de Estado de Salud Pública y Asistencia social,
_c1980.
300 _a105 p. :
_bil. ; retrs. ;
_c21 cm.
500 _aIncluye referencias bibliográficas y notas al pie de las páginas.
590 _aInventariado 2022 / MF
650 4 _aSalud pública
_xInvestigaciones
_937608
650 4 _aPlanificación de la salud
_zAmérica Latina
_937609
700 1 _aTejeda Ortíz, Dagoberto,
_d1940-
_epresent.
_91575
910 _aMFeliz
942 _2ddc
_cLBS1
999 _c16569
_d16569